<?xml version="1.0" encoding="UTF-8"?>
<record
    xmlns:xsi="http://www.w3.org/2001/XMLSchema-instance"
    xsi:schemaLocation="http://www.loc.gov/MARC21/slim http://www.loc.gov/standards/marcxml/schema/MARC21slim.xsd"
    xmlns="http://www.loc.gov/MARC21/slim">

  <leader>00891nam a22002657a 4500</leader>
  <controlfield tag="005">20170123162347.0</controlfield>
  <datafield tag="010" ind1=" " ind2=" ">
    <subfield code="a">B-080790</subfield>
  </datafield>
  <datafield tag="020" ind1=" " ind2=" ">
    <subfield code="c">80.00</subfield>
    <subfield code="a">8188498076</subfield>
  </datafield>
  <datafield tag="035" ind1=" " ind2=" ">
    <subfield code="a">B-080790</subfield>
  </datafield>
  <datafield tag="037" ind1=" " ind2=" ">
    <subfield code="b">Cen Lib/Ret</subfield>
  </datafield>
  <datafield tag="040" ind1=" " ind2=" ">
    <subfield code="a">DPL</subfield>
    <subfield code="b">UR</subfield>
  </datafield>
  <datafield tag="082" ind1=" " ind2=" ">
    <subfield code="a">909.917671</subfield>
    <subfield code="b">&#x632; &#x627; &#x6C1; </subfield>
  </datafield>
  <datafield tag="100" ind1=" " ind2=" ">
    <subfield code="a">&#x632;&#x627;&#x6C1;&#x62F; &#x62D;&#x633;&#x6CC;&#x646; &#x627;&#x646;&#x62C;&#x645; </subfield>
    <subfield code="9">134388</subfield>
  </datafield>
  <datafield tag="245" ind1=" " ind2=" ">
    <subfield code="a">&#x627;&#x633;&#x644;&#x627;&#x645;&#x6CC;&#x633;&#x62A;&#x627;&#x646; /</subfield>
    <subfield code="c">&#x632;&#x627;&#x6C1;&#x62F; &#x62D;&#x633;&#x6CC;&#x646; &#x627;&#x646;&#x62C;&#x645; </subfield>
  </datafield>
  <datafield tag="246" ind1=" " ind2=" ">
    <subfield code="a">Islamistan /</subfield>
    <subfield code="b">by Zahid Husain Anjum </subfield>
  </datafield>
  <datafield tag="260" ind1=" " ind2=" ">
    <subfield code="a"> &#x62F;&#x6C1;&#x644;&#x6CC;</subfield>
    <subfield code="b">&#x628;&#x633;&#x645;&#x6C1; &#x6A9;&#x62A;&#x627;&#x628; &#x6AF;&#x6BE;&#x631; </subfield>
    <subfield code="c">2003</subfield>
  </datafield>
  <datafield tag="270" ind1=" " ind2=" ">
    <subfield code="a">&#x661;&#x669;&#x665;&#x665;&#x60C; &#x62A;&#x631;&#x645;&#x627;&#x6BA; &#x6AF;&#x6CC;&#x679; </subfield>
    <subfield code="b"> &#x62F;&#x6C1;&#x644;&#x6CC;</subfield>
    <subfield code="e">110006</subfield>
  </datafield>
  <datafield tag="300" ind1=" " ind2=" ">
    <subfield code="a">184p. </subfield>
    <subfield code="c">21cm(Hb)</subfield>
  </datafield>
  <datafield tag="500" ind1=" " ind2=" ">
    <subfield code="a">&#x6A9;&#x62A;&#x627;&#x628;&#x6CC;&#x627;&#x62A; </subfield>
  </datafield>
  <datafield tag="650" ind1=" " ind2=" ">
    <subfield code="a">&#x627;&#x633;&#x644;&#x627;&#x645;&#x6CC; &#x643;&#x646;&#x679;&#x631;&#x64A;&#x62C; - &#x645;&#x633;&#x643;&#x644;&#x644;&#x627;&#x646;&#x627;.</subfield>
    <subfield code="9">134389</subfield>
  </datafield>
  <datafield tag="650" ind1=" " ind2=" ">
    <subfield code="a">&#x627;&#x644;&#x645;&#x646;&#x6D2;&#x633;.</subfield>
    <subfield code="9">134390</subfield>
  </datafield>
  <datafield tag="650" ind1=" " ind2=" ">
    <subfield code="a">Islamic countries -- Miscellanea. </subfield>
    <subfield code="9">134391</subfield>
  </datafield>
  <datafield tag="650" ind1=" " ind2=" ">
    <subfield code="a">Almanacs.</subfield>
    <subfield code="9">134392</subfield>
  </datafield>
  <datafield tag="942" ind1=" " ind2=" ">
    <subfield code="2">ddc</subfield>
    <subfield code="c">UR</subfield>
    <subfield code="h">909.917671</subfield>
    <subfield code="m">&#x632; &#x627; &#x6C1; </subfield>
  </datafield>
  <datafield tag="999" ind1=" " ind2=" ">
    <subfield code="c">108988</subfield>
    <subfield code="d">108988</subfield>
  </datafield>
  <datafield tag="952" ind1=" " ind2=" ">
    <subfield code="0">0</subfield>
    <subfield code="1">0</subfield>
    <subfield code="4">0</subfield>
    <subfield code="7">0</subfield>
    <subfield code="a">L</subfield>
    <subfield code="b">L</subfield>
    <subfield code="d">2016-02-17</subfield>
    <subfield code="e">Cen Lib/Ret</subfield>
    <subfield code="g">80.00</subfield>
    <subfield code="l">0</subfield>
    <subfield code="o">909.917671 &#x632; &#x627; &#x6C1;</subfield>
    <subfield code="p">B-080790</subfield>
    <subfield code="r">2016-02-17 00:00:00</subfield>
    <subfield code="t">1</subfield>
    <subfield code="v">80.00</subfield>
    <subfield code="w">2016-02-17</subfield>
    <subfield code="y">UR</subfield>
  </datafield>
</record>
